000 00674nam a2200205Ia 4500
005 20260121110132.0
008 008 260114s9999 xx 000 0 hin d
020 _a9788132351955
037 _aEBOOK
040 _aCRL
_bhin
_cCRL
041 _ahin
_2hin
084 _qCRL
100 _aसुधा मिश्रा / Sudha Mishra
_9942483
245 0 _aभोजन समूह एवं पोषक तत्त्व / Bhojan samuh aur poshak tatv
260 _bभाषा प्रकाशन / Bhasha Prakashan
_c2020
856 _uhttps://bhashaprakashan.com/product-details/378535
942 _cEBOOK
999 _c1534148
_d1534148